[Event "B5 Gruppe 2 "]
[Site "Koge"]
[Date "2004.??.??"]
[Round "1"]
[White "Sorensen, Soren Thomas"]
[Black "Vandrup, Lars"]
[Result "1-0"]
[WhiteElo "1754"]
[BlackElo "1738"]
[PlyCount "41"]
[EventDate "2004.04.08"]
[EventType "swiss"]
[EventRounds "5"]
[EventCountry "DEN"]

1. c4 e6 2. Nc3 Nf6 3. e4 d5 4. e5 Nfd7 5. d4 Bb4 6. Qg4 O-O 7. Bh6 g6 8. Bxf8
Qxf8 9. a3 Bxc3+ 10. bxc3 c5 11. Nf3 Nc6 12. h4 h5 13. Qf4 Qg7 14. cxd5 exd5
15. Bb5 a6 16. Bxc6 bxc6 17. O-O a5 18. Rfe1 Ba6 19. e6 Nf6 20. exf7+ Qxf7 21.
Ne5 1-0

[Event "B5 Gruppe 2 "]
[Site "Koge"]
[Date "2004.??.??"]
[Round "1"]
[White "Leimand, Hans Erik"]
[Black "Schmidt, Horst Hubert"]
[Result "0-1"]
[WhiteElo "1715"]
[BlackElo "1718"]
[PlyCount "98"]
[EventDate "2004.04.08"]
[EventType "swiss"]
[EventRounds "5"]
[EventCountry "DEN"]

1. d4 Nf6 2. c4 e6 3. Nc3 d5 4. e3 Bd6 5. Nf3 b6 6. cxd5 exd5 7. Bd3 O-O 8. O-O
Ba6 9. Re1 Bxd3 10. Qxd3 Nbd7 11. e4 dxe4 12. Nxe4 Nxe4 13. Rxe4 Nc5 14. Qc2
Nxe4 15. Qxe4 Re8 16. Qg4 Qc8 17. Qh5 Qd7 18. Be3 g6 19. Qh6 f6 20. Qh4 Qf5 21.
Nd2 g5 22. Qh5 Qg6 23. Qxg6+ hxg6 24. Rc1 Re7 25. g3 b5 26. Nb3 a5 27. Nc5 c6
28. b3 Bxc5 29. Rxc5 Ra6 30. d5 cxd5 31. Rxb5 Rd7 32. Bd2 a4 33. Ra5 Rxa5 34.
Bxa5 axb3 35. axb3 Kf7 36. Kf1 Ke6 37. Ke2 d4 38. Kd3 Kd5 39. Bd2 g4 40. b4 Rh7
41. Bc1 Rxh2 42. Bb2 Rxf2 43. Bxd4 Rf3+ 44. Be3 Rxg3 45. b5 f5 46. Ke2 Rg2+ 47.
Kf1 Rb2 48. b6 Kc6 49. Bd4 Rxb6 0-1

[Event "B5 Gruppe 2 "]
[Site "Koge"]
[Date "2004.??.??"]
[Round "1"]
[White "Reiths, Henning"]
[Black "Moller, Frederik Oest"]
[Result "1-0"]
[WhiteElo "1712"]
[BlackElo "1689"]
[PlyCount "85"]
[EventDate "2004.04.08"]
[EventType "swiss"]
[EventRounds "5"]
[EventCountry "DEN"]

1. d4 d5 2. Bg5 Nf6 3. Bxf6 exf6 4. e3 Be7 5. c4 c6 6. Nc3 O-O 7. cxd5 cxd5 8.
Bd3 Nc6 9. Qf3 Bb4 10. Nge2 Ne7 11. O-O Bd6 12. Kh1 Be6 13. Nf4 Bxf4 14. Qxf4
Ng6 15. Qg3 a6 16. h4 Ne7 17. Qf3 Qd7 18. Qh5 h6 19. Qd1 Kh8 20. Be2 Rg8 21.
Rg1 f5 22. Bf3 g5 23. g3 Rg7 24. Qb3 Rd8 25. Na4 b5 26. Nc5 Qc6 27. Qb4 Ng6 28.
h5 Nf8 29. Rac1 Qb6 30. a4 Rb8 31. a5 Qd6 32. Nd3 Qxb4 33. Nxb4 Ra8 34. Nxd5
Bxd5 35. Bxd5 Ra7 36. Rc8 Kh7 37. Rxf8 Rd7 38. Bf3 g4 39. Bg2 Rg5 40. Rc1 Kg7
41. Rcc8 Rxh5+ 42. Kg1 Kf6 43. Rfd8 1-0

[Event "B5 Gruppe 2 "]
[Site "Koge"]
[Date "2004.??.??"]
[Round "1"]
[White "Nielsen, Carl Otto"]
[Black "Christiansen, Per"]
[Result "1-0"]
[WhiteElo "1682"]
[BlackElo "1764"]
[PlyCount "73"]
[EventDate "2004.04.08"]
[EventType "swiss"]
[EventRounds "5"]
[EventCountry "DEN"]

1. d4 d5 2. c4 c6 3. Nf3 Nf6 4. Nc3 e6 5. cxd5 exd5 6. Bg5 Be7 7. e3 Nbd7 8.
Bd3 Nf8 9. Ne5 Ng6 10. Bxf6 Bxf6 11. Nxg6 hxg6 12. Rb1 Qd6 13. h3 g5 14. g4 O-O
15. Qf3 Re8 16. O-O Bd8 17. b4 Bc7 18. Qg2 Bd7 19. a4 Rad8 20. Rfc1 Bc8 21. Ne2
g6 22. b5 Bd7 23. bxc6 bxc6 24. Rc5 Kg7 25. Rbc1 Rb8 26. e4 dxe4 27. Bxe4 Rb2
28. R5c2 Rxc2 29. Rxc2 Qb4 30. Qf3 Qxa4 31. Kg2 Bb6 32. Rxc6 Bxd4 33. Bd5 Re7
34. Rc4 Qxc4 35. Bxc4 Bf6 36. Nc3 Re5 37. Ne4 1-0

[Event "B5 Gruppe 2 "]
[Site "Koge"]
[Date "2004.??.??"]
[Round "1"]
[White "Hansen, Erik Hedegaard"]
[Black "Jensen, Jan"]
[Result "0-1"]
[WhiteElo "1755"]
[BlackElo "1761"]
[PlyCount "56"]
[EventDate "2004.04.08"]
[EventType "swiss"]
[EventRounds "5"]
[EventCountry "DEN"]

1. d4 Nf6 2. c4 e6 3. Nc3 Bb4 4. Qc2 c5 5. Nf3 Nc6 6. e3 O-O 7. Bd3 h6 8. O-O
Bxc3 9. Qxc3 cxd4 10. exd4 d5 11. b3 Ne4 12. Bxe4 dxe4 13. Nd2 Nxd4 14. Re1 f5
15. Bb2 e5 16. f4 b6 17. fxe5 Ne6 18. Rad1 Qg5 19. Qg3 Nf4 20. Nf1 Nd3 21. Qxg5
hxg5 22. Re2 f4 23. Ba3 Bg4 24. Red2 Rfe8 25. Bd6 Bxd1 26. Rxd1 Nxe5 27. Rd5
Nf7 28. Bc7 e3 0-1

[Event "B5 Gruppe 2 "]
[Site "Koge"]
[Date "2004.??.??"]
[Round "1"]
[White "Schmidt, Niels Kim"]
[Black "Hansen, Henrik Damgaard"]
[Result "1-0"]
[WhiteElo "1762"]
[BlackElo "1723"]
[PlyCount "61"]
[EventDate "2004.04.08"]
[EventType "swiss"]
[EventRounds "5"]
[EventCountry "DEN"]

1. e4 d5 2. exd5 Nf6 3. Nc3 Nxd5 4. Nxd5 Qxd5 5. Qf3 c6 6. Qxd5 cxd5 7. d4 Nc6
8. c3 Bf5 9. Nf3 h6 10. Be2 e6 11. O-O Bd6 12. Be3 O-O 13. Nh4 Bh7 14. f4 a6
15. Nf3 f6 16. Rad1 b5 17. a3 Bc2 18. Rc1 Bb3 19. Nd2 Bc4 20. Nxc4 bxc4 21. Bf3
Ne7 22. Rcd1 g6 23. Bc1 Rab8 24. Rf2 g5 25. Re1 gxf4 26. Rxe6 Rbd8 27. Rfe2 Rd7
28. Rxd6 Rxd6 29. Rxe7 Rfd8 30. Bxf4 Rb6 31. Bc7 1-0

[Event "B5 Gruppe 2 "]
[Site "Koge"]
[Date "2004.??.??"]
[Round "2"]
[White "Moller, Frederik Oest"]
[Black "Pondal, Jesper"]
[Result "1/2-1/2"]
[WhiteElo "1689"]
[BlackElo "1766"]
[PlyCount "100"]
[EventDate "2004.04.08"]
[EventType "swiss"]
[EventRounds "5"]
[EventCountry "DEN"]

1. e4 c5 2. Nf3 d6 3. d4 cxd4 4. Nxd4 Nf6 5. Nc3 a6 6. Be3 e6 7. Bd3 Be7 8. O-O
O-O 9. Kh1 Qc7 10. Nb3 b5 11. a3 Bb7 12. f4 Nbd7 13. Nd2 Rac8 14. Rc1 Nc5 15.
h3 d5 16. e5 Nfe4 17. Ne2 Na4 18. Rb1 Bc5 19. Bxc5 Qxc5 20. Qe1 Qe3 21. Nb3 Qb6
22. c3 Nac5 23. Nxc5 Nxc5 24. Bc2 f6 25. Nd4 f5 26. Qh4 Ne4 27. Rbd1 Rc7 28.
Rf3 g6 29. g4 Rg7 30. g5 Nc5 31. Qf2 Rc8 32. Kh2 Rgc7 33. Rc1 a5 34. Qd2 Ne4
35. Qe3 Ba6 36. Bxe4 dxe4 37. Rg3 b4 38. axb4 axb4 39. Qd2 Bd3 40. Ne2 Qa6 41.
Re3 Qa2 42. Kg2 bxc3 43. Rxc3 Rxc3 44. Nxc3 Qb3 45. Re1 Rb8 46. Nd1 Qd5 47. Kh2
Qd4 48. Re3 Rb4 49. Rg3 Qb6 50. Rg2 Rb3 1/2-1/2

[Event "B5 Gruppe 2 "]
[Site "Koge"]
[Date "2004.??.??"]
[Round "2"]
[White "Schmidt, Horst Hubert"]
[Black "Nielsen, Carl Otto"]
[Result "1/2-1/2"]
[WhiteElo "1718"]
[BlackElo "1682"]
[PlyCount "131"]
[EventDate "2004.04.08"]
[EventType "swiss"]
[EventRounds "5"]
[EventCountry "DEN"]

1. d4 Nf6 2. Nf3 e6 3. c4 b6 4. Nc3 Bb7 5. Bg5 Be7 6. Bxf6 Bxf6 7. e4 O-O 8.
Bd3 d6 9. Qc2 e5 10. dxe5 dxe5 11. Rd1 c6 12. O-O Qe7 13. a3 Nd7 14. b4 Rac8
15. Qa4 a5 16. Qb3 Rfd8 17. Na4 axb4 18. axb4 Rb8 19. Bc2 b5 20. cxb5 cxb5 21.
Nc3 Bc6 22. Nd5 Bxd5 23. exd5 Nb6 24. Rfe1 Qd6 25. Qd3 g6 26. Qxb5 Nxd5 27. Qc5
Qxc5 28. bxc5 Rbc8 29. Nxe5 Rxc5 30. Ng4 Bg5 31. Bb3 Nf4 32. Rxd8+ Bxd8 33. g3
Rc1 34. Kf1 Rxe1+ 35. Kxe1 Ba5+ 36. Kf1 Ne6 37. Bxe6 fxe6 38. Ke2 Kg7 39. h3 h5
40. Ne5 Kf6 41. Nc4 Bc7 42. Ne3 g5 43. Kf3 Bb6 44. Nd1 Kf5 45. g4+ hxg4+ 46.
hxg4+ Ke5 47. Nb2 Kd4 48. Ke2 Bc7 49. Nd3 e5 50. Ne1 e4 51. Nc2+ Kd5 52. Ne3+
Ke6 53. Kd2 Ba5+ 54. Ke2 Bc7 55. f3 exf3+ 56. Kxf3 Bf4 57. Ng2 Ke5 58. Ne1 Kd4
59. Nc2+ Kd5 60. Nb4+ Kd4 61. Nc6+ Kd5 62. Ne7+ Kd4 63. Ng6 Bc1 64. Nf8 Kd5 65.
Nh7 Ke5 66. Nxg5 1/2-1/2

[Event "B5 Gruppe 2 "]
[Site "Koge"]
[Date "2004.??.??"]
[Round "2"]
[White "Rasmussen, Henning"]
[Black "Jensen, Jan"]
[Result "1/2-1/2"]
[WhiteElo "1742"]
[BlackElo "1761"]
[PlyCount "116"]
[EventDate "2004.04.08"]
[EventType "swiss"]
[EventRounds "5"]
[EventCountry "DEN"]

1. d4 Nf6 2. Nf3 e6 3. c4 b6 4. Nc3 Bb4 5. Bg5 Bb7 6. e3 O-O 7. Be2 d6 8. O-O
Bxc3 9. bxc3 Nbd7 10. Nd2 c5 11. f4 Qc7 12. Bf3 Rae8 13. e4 e5 14. fxe5 dxe5
15. d5 Qd6 16. Qe1 Kh8 17. Qh4 Ng8 18. Bg4 f6 19. Be3 Bc8 20. Bf5 h6 21. Qh5
Nb8 22. Bxc8 Rxc8 23. Nf3 Qd7 24. Nh4 Kh7 25. Qg6+ Kh8 26. Nf5 Rc7 27. Rf3 Qf7
28. Qg4 g5 29. Rh3 Qg6 30. Rf1 Rh7 31. Rh5 Ne7 32. Nxe7 Rxe7 33. h4 Kg7 34.
hxg5 fxg5 35. Rxf8 Kxf8 36. Rh3 Nd7 37. Rf3+ Kg7 38. Qf5 Nf6 39. d6 Qxf5 40.
Rxf5 Rd7 41. Rxe5 Rxd6 42. Re7+ Kf8 43. Rxa7 Nxe4 44. Kh2 Re6 45. Bc1 Re7 46.
Ra8+ Kf7 47. Rb8 Re6 48. Ra8 Kg6 49. a4 Kf5 50. a5 bxa5 51. Rxa5 h5 52. Be3 Re5
53. Ra8 Nxc3 54. Bf2 Ne4 55. Bg3 Nxg3 56. Kxg3 Ke4 57. Rd8 Rf5 58. Rd1 Ke3
1/2-1/2

[Event "B5 Gruppe 2 "]
[Site "Koge"]
[Date "2004.??.??"]
[Round "2"]
[White "Vandrup, Lars"]
[Black "Jensen, Janech"]
[Result "0-1"]
[WhiteElo "1738"]
[BlackElo "1732"]
[PlyCount "84"]
[EventDate "2004.04.08"]
[EventType "swiss"]
[EventRounds "5"]
[EventCountry "DEN"]

1. e4 c5 2. Nf3 d6 3. d4 cxd4 4. Nxd4 Nf6 5. Nc3 a6 6. Be2 e5 7. Nb3 Be7 8. Be3
O-O 9. f3 Be6 10. Qd2 d5 11. exd5 Nxd5 12. Nxd5 Qxd5 13. Bd3 f5 14. O-O Nc6 15.
a3 e4 16. fxe4 fxe4 17. Be2 Bf6 18. Rab1 Rad8 19. Qxd5 Bxd5 20. Bb6 Rde8 21. c4
Be6 22. Be3 Ne5 23. Nd2 Bg4 24. Bxg4 Nxg4 25. Bc5 Rf7 26. h3 Bg5 27. Rxf7 Kxf7
28. Rf1+ Nf6 29. Bb4 Bh4 30. Rf4 Bg3 31. Rf1 e3 32. Nf3 e2 33. Rc1 Rd8 34. Be1
Rd1 35. Rc2 Bxe1 36. Nxe1 Rxe1+ 37. Kf2 Rf1+ 38. Kxe2 Rf4 39. b4 Ke6 40. Kd3
Nd7 41. Re2+ Ne5+ 42. Kc3 Rxc4+ 0-1

[Event "B5 Gruppe 2 "]
[Site "Koge"]
[Date "2004.??.??"]
[Round "2"]
[White "Boiesen, Jon Rostgaard"]
[Black "Sorensen, Soren Thomas"]
[Result "0-1"]
[WhiteElo "1751"]
[BlackElo "1754"]
[PlyCount "76"]
[EventDate "2004.04.08"]
[EventType "swiss"]
[EventRounds "5"]
[EventCountry "DEN"]

1. d4 Nf6 2. c4 g6 3. Nc3 Bg7 4. e4 d6 5. f3 O-O 6. Be3 e5 7. d5 a6 8. Qd2 h5
9. Bg5 Qe8 10. h3 Nh7 11. Bh6 Qe7 12. O-O-O Bxh6 13. Qxh6 Qg5+ 14. Qxg5 Nxg5
15. Bd3 Nh7 16. Nge2 h4 17. f4 Nd7 18. Rhf1 exf4 19. Rxf4 g5 20. Rff1 Ne5 21.
Nd4 Re8 22. Be2 Nf8 23. Bh5 Nfg6 24. Nf3 Nf4 25. Nxe5 Rxe5 26. Bf3 Bd7 27. b4
a5 28. a3 axb4 29. axb4 Ba4 30. Rd2 Bb3 31. c5 Ra1+ 32. Nb1 Bc4 33. Rfd1 f5 34.
exf5 Re3 35. Kb2 Ra2+ 36. Kc1 Nd3+ 37. Rxd3 Bxd3 38. Nc3 Rc2+ 0-1

[Event "B5 Gruppe 2 "]
[Site "Koge"]
[Date "2004.??.??"]
[Round "2"]
[White "Schmidt, Niels Kim"]
[Black "Reiths, Henning"]
[Result "0-1"]
[WhiteElo "1762"]
[BlackElo "1712"]
[PlyCount "83"]
[EventDate "2004.04.08"]
[EventType "swiss"]
[EventRounds "5"]
[EventCountry "DEN"]

1. e4 c5 2. Nf3 Nc6 3. d4 cxd4 4. Nxd4 Nf6 5. Nc3 e5 6. Ndb5 d6 7. Bg5 a6 8.
Na3 b5 9. Nd5 Be7 10. Nxf6+ Bxf6 11. Bxf6 Qxf6 12. c3 O-O 13. Be2 Bb7 14. O-O
Rad8 15. f3 Ne7 16. Qe1 d5 17. exd5 Nxd5 18. Nc2 Qg6 19. Bd1 Nf4 20. Ne3 Rd3
21. g3 Qb6 22. gxf4 exf4 23. Kh1 fxe3 24. Qg3 Rd2 25. Rg1 g6 26. Rg2 Rfd8 27.
h4 Rxd1+ 28. Rxd1 Rxd1+ 29. Kh2 Qd6 30. Qxd6 Rxd6 31. Kg3 Rd2 32. Rg1 Rxb2 33.
Re1 e2 34. Kf4 Rxa2 35. Kg5 Bxf3 36. Kf6 Rd2 37. Ra1 Bg2 38. Re1 Rd6+ 39. Kg5
Re6 40. Kf4 Bd5 41. Kg3 Kg7 42. Kf2 0-1

[Event "B5 Gruppe 2 "]
[Site "Koge"]
[Date "2004.??.??"]
[Round "2"]
[White "Hansen, Erik Hedegaard"]
[Black "Leimand, Hans Erik"]
[Result "1-0"]
[WhiteElo "1755"]
[BlackElo "1715"]
[PlyCount "53"]
[EventDate "2004.04.08"]
[EventType "swiss"]
[EventRounds "5"]
[EventCountry "DEN"]

1. d4 d5 2. c4 e6 3. Nc3 Nf6 4. Bg5 Be7 5. e3 h6 6. Bh4 O-O 7. Bd3 b6 8. Nf3
dxc4 9. Bxc4 a6 10. O-O Bb7 11. Bd3 Nbd7 12. Ne5 Nxe5 13. dxe5 Nd5 14. Bxe7
Qxe7 15. Ne4 Rad8 16. Qe2 a5 17. a3 f5 18. Nd2 Qd7 19. Bc4 c6 20. Rfd1 Qf7 21.
Nf3 c5 22. Rd2 Nc7 23. Rd6 Rxd6 24. exd6 Bxf3 25. Qxf3 Nd5 26. Rd1 g6 27. Rxd5
1-0

[Event "B5 Gruppe 2 "]
[Site "Koge"]
[Date "2004.??.??"]
[Round "2"]
[White "Christiansen, Per"]
[Black "Hansen, Henrik Damgaard"]
[Result "0-1"]
[WhiteElo "1764"]
[BlackElo "1723"]
[PlyCount "56"]
[EventDate "2004.04.08"]
[EventType "swiss"]
[EventRounds "5"]
[EventCountry "DEN"]

1. c4 Nf6 2. Nc3 c5 3. Nf3 e6 4. d4 cxd4 5. Nxd4 d5 6. e3 Nc6 7. g3 dxc4 8.
Bxc4 Nxd4 9. Qxd4 Qxd4 10. exd4 a6 11. Be2 Bd6 12. O-O Bd7 13. Bf3 Rb8 14. d5
e5 15. Rd1 h6 16. b3 O-O 17. Bb2 Rfe8 18. Rd2 Bf5 19. Re1 b5 20. Rde2 Rbc8 21.
Bg2 Nd7 22. Bf3 Bb4 23. Rc1 f6 24. Rd2 e4 25. Bg2 e3 26. Re2 exf2+ 27. Kxf2 Ne5
28. Kg1 Nd3 0-1

[Event "B5 Gruppe 2 "]
[Site "Koge"]
[Date "2004.??.??"]
[Round "3"]
[White "Leimand, Hans Erik"]
[Black "Christiansen, Per"]
[Result "0-1"]
[WhiteElo "1715"]
[BlackElo "1764"]
[PlyCount "76"]
[EventDate "2004.04.08"]
[EventType "swiss"]
[EventRounds "5"]
[EventCountry "DEN"]

1. d4 d5 2. c4 c6 3. e3 Nf6 4. Nc3 e6 5. Nf3 Nbd7 6. Be2 Bd6 7. c5 Bc7 8. Qc2
e5 9. h3 e4 10. Nd2 Nf8 11. b4 a6 12. Nb3 Ng8 13. a4 f5 14. b5 axb5 15. axb5
Rxa1 16. Nxa1 Qg5 17. Bf1 Ne6 18. bxc6 bxc6 19. h4 Qf6 20. Qa4 Ne7 21. g3 O-O
22. Nb3 Bd7 23. Qa2 Rb8 24. Qc2 Kh8 25. Ne2 Be8 26. Ng1 Ng8 27. Bd2 Qg6 28. Ne2
Qg4 29. Ba5 Bxa5+ 30. Nxa5 Qf3 31. Rg1 Nf6 32. Bg2 Qg4 33. Kd2 Qg6 34. Bh3 Ng4
35. Bxg4 Qxg4 36. Nf4 Nxf4 37. exf4 Qf3 38. Kc1 Qa3+ 0-1

[Event "B5 Gruppe 2 "]
[Site "Koge"]
[Date "2004.??.??"]
[Round "3"]
[White "Jensen, Janech"]
[Black "Schmidt, Horst Hubert"]
[Result "1-0"]
[WhiteElo "1732"]
[BlackElo "1718"]
[PlyCount "101"]
[EventDate "2004.04.08"]
[EventType "swiss"]
[EventRounds "5"]
[EventCountry "DEN"]

1. e4 e5 2. Bc4 Nc6 3. Nf3 Nd4 4. c3 Nxf3+ 5. Qxf3 Nf6 6. d4 d6 7. Bg5 Be7 8.
Nd2 Bg4 9. Qg3 Be6 10. Bxe6 fxe6 11. dxe5 Nh5 12. Bxe7 Qxe7 13. Qg4 Qf7 14.
exd6 cxd6 15. Nc4 O-O 16. O-O Rad8 17. Rad1 Nf6 18. Qe2 Nxe4 19. f3 Nf6 20.
Rxd6 Rxd6 21. Nxd6 Qe7 22. Nc4 Qc5+ 23. Kh1 Re8 24. Ne5 Nd5 25. f4 Qa5 26. a3
Qa4 27. g3 Qb3 28. Nf3 Nf6 29. Rd1 Ng4 30. Rd4 Qb6 31. h3 Nf6 32. Kh2 a6 33.
Rb4 Qc6 34. Nd4 Qd7 35. Rb6 Kf7 36. Qe5 Re7 37. c4 Qe8 38. b3 g6 39. Qe2 Qd7
40. Nf3 Qc7 41. Ng5+ Kg7 42. Rxe6 Rd7 43. Qb2 Qd8 44. Ne4 Kh6 45. Rxf6 Rd4 46.
Re6 Rd1 47. Qe5 Re1 48. Qg5+ Qxg5 49. Nxg5 Rb1 50. Re7 Rb2+ 51. Kg1 1-0

[Event "B5 Gruppe 2 "]
[Site "Koge"]
[Date "2004.??.??"]
[Round "3"]
[White "Vandrup, Lars"]
[Black "Moller, Frederik Oest"]
[Result "0-1"]
[WhiteElo "1738"]
[BlackElo "1689"]
[PlyCount "80"]
[EventDate "2004.04.08"]
[EventType "swiss"]
[EventRounds "5"]
[EventCountry "DEN"]

1. e4 c5 2. Nf3 d6 3. d4 cxd4 4. Nxd4 Nf6 5. Nc3 g6 6. Be3 Bg7 7. Be2 O-O 8.
Qd2 Nc6 9. f3 Nxd4 10. Bxd4 Be6 11. O-O Qa5 12. Rad1 Rfc8 13. a3 Bc4 14. Bxc4
Rxc4 15. Nd5 Qxd2 16. Rxd2 Nxd5 17. Bxg7 Ne3 18. Bh6 Nxf1 19. Kxf1 Rac8 20. c3
R8c6 21. e5 R4c5 22. exd6 Rxd6 23. Rxd6 exd6 24. Be3 Rd5 25. Bd4 f5 26. f4 Kf7
27. Ke2 Ra5 28. c4 Ke6 29. Kd3 b6 30. Bc3 Rc5 31. Bb4 Rc7 32. Kd4 Re7 33. Bd2
Kd7 34. Be3 Kc6 35. b4 Re4+ 36. Kd3 d5 37. cxd5+ Kxd5 38. g3 Kc6 39. h4 h5 40.
Bd2 Kb5 0-1

[Event "B5 Gruppe 2 "]
[Site "Koge"]
[Date "2004.??.??"]
[Round "3"]
[White "Pondal, Jesper"]
[Black "Hansen, Erik Hedegaard"]
[Result "0-1"]
[WhiteElo "1766"]
[BlackElo "1755"]
[PlyCount "44"]
[EventDate "2004.04.08"]
[EventType "swiss"]
[EventRounds "5"]
[EventCountry "DEN"]

1. d4 Nf6 2. Bg5 Ne4 3. h4 d5 4. Nd2 Nxd2 5. Qxd2 a5 6. e3 Bd7 7. Bd3 Nc6 8. a3
Qc8 9. Ne2 f6 10. Bf4 e5 11. dxe5 Nxe5 12. Nc3 c6 13. O-O Be7 14. e4 d4 15. Ne2
c5 16. Ng3 O-O 17. Rac1 c4 18. Be2 Ng6 19. h5 c3 20. bxc3 dxc3 21. Qe3 Bc5 22.
Bc4+ Kh8 0-1

[Event "B5 Gruppe 2 "]
[Site "Koge"]
[Date "2004.??.??"]
[Round "3"]
[White "Reiths, Henning"]
[Black "Sorensen, Soren Thomas"]
[Result "1-0"]
[WhiteElo "1712"]
[BlackElo "1754"]
[PlyCount "80"]
[EventDate "2004.04.08"]
[EventType "swiss"]
[EventRounds "5"]
[EventCountry "DEN"]

1. d4 Nf6 2. Bg5 g6 3. Bxf6 exf6 4. e3 Bg7 5. h4 h6 6. h5 g5 7. Bd3 d5 8. Qf3
Be6 9. Nc3 c6 10. Nge2 Qd7 11. e4 Bg4 12. Qe3 O-O 13. f3 Be6 14. O-O-O b5 15.
exd5 Bxd5 16. Nxd5 cxd5 17. Ng3 Na6 18. Qd2 Nc7 19. Nf5 Ne6 20. g3 a5 21. Kb1
Rfb8 22. Rc1 b4 23. c4 bxc3 24. Rxc3 Bf8 25. Rc2 Rb6 26. Ka1 Qa4 27. Rhc1 Rab8
28. Qf2 Rb4 29. Rc8 R8b7 30. Nxh6+ Kh8 31. Nf5 Rxb2 32. Qxb2 Rxb2 33. Kxb2 Qa3+
34. Kc2 Qxa2+ 35. Kd1 Qb3+ 36. Ke2 a4 37. Rb1 Qa2+ 38. Ke3 Qh2 39. h6 a3 40.
Ra1 a2 1-0

[Event "B5 Gruppe 2 "]
[Site "Koge"]
[Date "2004.??.??"]
[Round "3"]
[White "Jensen, Jan"]
[Black "Nielsen, Carl Otto"]
[Result "1-0"]
[WhiteElo "1761"]
[BlackElo "1682"]
[PlyCount "99"]
[EventDate "2004.04.08"]
[EventType "swiss"]
[EventRounds "5"]
[EventCountry "DEN"]

1. e4 c5 2. Nf3 Nc6 3. Bb5 e6 4. Bxc6 bxc6 5. O-O d5 6. Re1 Nf6 7. e5 Nd7 8. d3
Be7 9. Nc3 O-O 10. Bf4 Rb8 11. Rb1 Rb4 12. Bd2 Qc7 13. b3 Ba6 14. Na4 Rbb8 15.
c4 Rb7 16. Qe2 Rfb8 17. Rbd1 Qd8 18. g3 h5 19. h4 Nf8 20. Ng5 g6 21. Qf3 Qe8
22. Be3 Nd7 23. Bd2 Kg7 24. Kg2 Qg8 25. Qf4 Rf8 26. Ne4 Kh8 27. Nf6 Qg7 28.
Qh6+ Qxh6 29. Bxh6 Rd8 30. Nxd7 Rdxd7 31. Bg5 Bf8 32. Be3 d4 33. Bg5 Rb8 34.
Bf6+ Kg8 35. Re4 Bb7 36. g4 Kh7 37. gxh5 gxh5 38. Rf1 Be7 39. Kh3 Rg8 40. Bxe7
Rxe7 41. Nxc5 Bc8 42. Kh2 Rg4 43. Rxg4 hxg4 44. Ne4 Kg6 45. f4 f5 46. exf6 Rh7
47. Kg3 Rh5 48. f7 Rh8 49. Ng5 c5 50. Re1 1-0

[Event "B5 Gruppe 2 "]
[Site "Koge"]
[Date "2004.??.??"]
[Round "3"]
[White "Hansen, Henrik Damgaard"]
[Black "Rasmussen, Henning"]
[Result "0-1"]
[WhiteElo "1723"]
[BlackElo "1742"]
[PlyCount "128"]
[EventDate "2004.04.08"]
[EventType "swiss"]
[EventRounds "5"]
[EventCountry "DEN"]

1. e4 e6 2. d4 d5 3. e5 c5 4. c3 Nc6 5. Nf3 Qb6 6. a3 a5 7. Bd3 Bd7 8. Bc2 cxd4
9. cxd4 Nge7 10. O-O Nf5 11. Bxf5 exf5 12. Nc3 Be6 13. Qd3 Be7 14. Qb5 Qxb5 15.
Nxb5 Kd7 16. Rd1 Na7 17. Nc3 b5 18. Ne2 Rhc8 19. Nf4 g6 20. Bd2 Bd8 21. Rac1
Rxc1 22. Rxc1 Rc8 23. Rxc8 Nxc8 24. Nd3 Kc6 25. Kf1 Kb6 26. Nc5 Be7 27. Nd3 Na7
28. Ke2 Nc6 29. Nf4 g5 30. Nxe6 fxe6 31. Kd3 g4 32. Ne1 a4 33. Nc2 Kc7 34. g3
Kd7 35. Ke2 Ke8 36. f3 h5 37. Kf2 Bd8 38. fxg4 hxg4 39. Bc3 Bb6 40. Ke2 Kd7 41.
Kd3 Bd8 42. Bd2 Be7 43. Kc3 Kc7 44. b3 axb3 45. Kxb3 Kb6 46. Kc3 Bxa3 47. Nxa3
b4+ 48. Kb3 bxa3 49. Bc3 Kb5 50. Ba1 Na5+ 51. Kxa3 Kc4 52. Ka4 Nb3 53. Bb2 Nxd4
54. Ka5 Nf3 55. Kb6 d4 56. Kc6 Nxe5+ 57. Kd6 Nd3 58. Ba1 e5 59. Ke6 f4 60. gxf4
exf4 61. Kf5 f3 62. Ke4 Nc5+ 63. Ke5 Nb3 64. Bb2 f2 0-1

[Event "B5 Gruppe 2 "]
[Site "Koge"]
[Date "2004.??.??"]
[Round "4"]
[White "Hansen, Henrik Damgaard"]
[Black "Pondal, Jesper"]
[Result "1/2-1/2"]
[WhiteElo "1723"]
[BlackElo "1766"]
[PlyCount "82"]
[EventDate "2004.04.08"]
[EventType "swiss"]
[EventRounds "5"]
[EventCountry "DEN"]

1. e4 c5 2. c3 d5 3. exd5 Qxd5 4. d4 cxd4 5. cxd4 Nc6 6. Be3 e6 7. Nc3 Bb4 8.
a3 Bxc3+ 9. bxc3 Nf6 10. Nf3 Qa5 11. Qb3 O-O 12. Bd3 b6 13. O-O Qd5 14. Qxd5
Nxd5 15. Bd2 Bb7 16. Rfe1 Rac8 17. Rac1 Nf6 18. Ne5 Na5 19. Rb1 Bd5 20. Rb2 Nc4
21. Nxc4 Bxc4 22. Bxc4 Rxc4 23. Rb4 Rfc8 24. Rxc4 Rxc4 25. f3 Nd5 26. Rc1 a6
27. g3 Nc7 28. Rb1 Nb5 29. Rb3 Kf8 30. Kf2 Ke7 31. Ke2 Rxd4 32. Bg5+ f6 33.
Rxb5 axb5 34. cxd4 fxg5 35. Kd3 Kd6 36. Ke4 g6 37. h3 h6 38. Kd3 Kd5 39. Kc3 h5
40. g4 h4 41. Kb4 Kc6 1/2-1/2

[Event "B5 Gruppe 2 "]
[Site "Koge"]
[Date "2004.??.??"]
[Round "4"]
[White "Jensen, Jan"]
[Black "Reiths, Henning"]
[Result "1/2-1/2"]
[WhiteElo "1761"]
[BlackElo "1712"]
[PlyCount "24"]
[EventDate "2004.04.08"]
[EventType "swiss"]
[EventRounds "5"]
[EventCountry "DEN"]

1. Nf3 Nf6 2. b3 g6 3. Bb2 Bg7 4. e3 O-O 5. Be2 c5 6. O-O Nc6 7. c4 Re8 8. d4
cxd4 9. Nxd4 e5 10. Nxc6 bxc6 11. Nc3 d5 12. Na4 Rb8 1/2-1/2

[Event "B5 Gruppe 2 "]
[Site "Koge"]
[Date "2004.??.??"]
[Round "4"]
[White "Rasmussen, Henning"]
[Black "Boiesen, Jon Rostgaard"]
[Result "1/2-1/2"]
[WhiteElo "1742"]
[BlackElo "1751"]
[PlyCount "95"]
[EventDate "2004.04.08"]
[EventType "swiss"]
[EventRounds "5"]
[EventCountry "DEN"]

1. d4 Nf6 2. Nf3 c5 3. c4 d6 4. Nc3 Nbd7 5. d5 e5 6. dxe6 fxe6 7. e4 e5 8. Be2
Be7 9. h3 Nf8 10. Nh2 Be6 11. b3 Bf7 12. Ng4 Bg6 13. Nxf6+ Bxf6 14. Bh5 Ne6 15.
Bxg6+ hxg6 16. Nd5 Nc7 17. Nxc7+ Qxc7 18. Qd5 Ke7 19. Bd2 Qc6 20. Qxc6 bxc6 21.
Be3 Ke6 22. O-O-O Bd8 23. Rd3 Ba5 24. Rhd1 Rad8 25. Bd2 Bxd2+ 26. R1xd2 Rd7 27.
Kd1 Rh4 28. f3 Rh8 29. Ke2 a5 30. Kf2 Rhd8 31. Ke3 g5 32. Kf2 Rh8 33. Kg3 Rh4
34. Rd1 Rf4 35. Kh2 Rf8 36. R1d2 Rfd8 37. Kg3 Kf6 38. Kg4 Kg6 39. Rd1 Kf6 40.
R1d2 Kg6 41. g3 Kf6 42. h4 gxh4 43. gxh4 Ke6 44. Kg5 Rf7 45. Kg4 Rf4+ 46. Kg3
Rf7 47. Rd1 Rf4 48. R1d2 1/2-1/2

[Event "B5 Gruppe 2 "]
[Site "Koge"]
[Date "2004.??.??"]
[Round "4"]
[White "Nielsen, Carl Otto"]
[Black "Hansen, Erik Hedegaard"]
[Result "1/2-1/2"]
[WhiteElo "1682"]
[BlackElo "1755"]
[PlyCount "106"]
[EventDate "2004.04.08"]
[EventType "swiss"]
[EventRounds "5"]
[EventCountry "DEN"]

1. d4 Nf6 2. c4 g6 3. g3 Bg7 4. Bg2 d5 5. Nc3 c6 6. cxd5 cxd5 7. Qb3 Nc6 8. Nf3
O-O 9. O-O Ne4 10. Rd1 Nxc3 11. Qxc3 Qb6 12. Bf4 Be6 13. e3 Rac8 14. Qd2 f6 15.
h4 Bg4 16. Rdc1 Qb4 17. Rc3 h6 18. Nh2 Be6 19. g4 Bf7 20. a3 Qa5 21. Rac1 e5
22. b4 Qa4 23. dxe5 fxe5 24. Bg3 e4 25. Rc5 Rfd8 26. b5 Ne7 27. Rxc8 Rxc8 28.
Rxc8+ Nxc8 29. Qc1 Be6 30. Qc5 Bf8 31. Qc7 Qxb5 32. Be5 Qd7 33. Qc3 Bg7 34. f4
Bxe5 35. Qxe5 Qd6 36. Qf6 Bf7 37. Qc3 Ne7 38. Qd4 Nc6 39. Qb2 b6 40. Nf1 Be8
41. Qd2 Bd7 42. Bxe4 d4 43. Bxc6 Bxc6 44. Qxd4 Qxd4 45. exd4 Kf7 46. Kf2 Ke6
47. Ne3 Be4 48. Ke2 b5 49. Kd2 a5 50. Kc3 Kd6 51. f5 gxf5 52. Nxf5+ Bxf5 53.
gxf5 h5 1/2-1/2